ბათუმის შოთა რუსთაველის სახელმწიფო უნივერსიტეტის ბიბლიოთეკა

შაითან ხიხო (ბიბ.ჩანაწერი № 43221)

000 -LEADER
fixed length control field 00803nam a2200229Ia 4500
001 - CONTROL NUMBER
control field 9948
003 - CONTROL NUMBER IDENTIFIER
control field GE_BSU
008 - FIXED-LENGTH DATA ELEMENTS--GENERAL INFORMATION
fixed length control field 181216s||||||||xx |||||||||||||| ||und||
040 ## - CATALOGING SOURCE
Transcribing agency GE_BSU
080 ## - UNIVERSAL DECIMAL CLASSIFICATION NUMBER
Universal Decimal Classification number 821.353.1-22
100 ## - MAIN ENTRY--PERSONAL NAME
Personal name ნახუცრიშვილი,გ
245 ## - TITLE STATEMENT
Title შაითან ხიხო
245 ## - TITLE STATEMENT
Remainder of title ზღაპარი-კომედია 3მოქმედებად.
245 ## - TITLE STATEMENT
Statement of responsibility, etc. რედ:ნ.გურაბანიძე;მხატვ:თ.სამსონაძე
260 ## - PUBLICATION, DISTRIBUTION, ETC.
Place of publication, distribution, etc. თბილისი.
260 ## - PUBLICATION, DISTRIBUTION, ETC.
Name of publisher, distributor, etc. ხელოვნება
260 ## - PUBLICATION, DISTRIBUTION, ETC.
Date of publication, distribution, etc. 1970.
300 ## - PHYSICAL DESCRIPTION
Extent 88გვ;17სმ.
653 ## - INDEX TERM--UNCONTROLLED
Uncontrolled term ზღაპარი-კომედია 3მოქმედებად.
653 ## - INDEX TERM--UNCONTROLLED
Uncontrolled term შაითან ხიხო
942 ## - ADDED ENTRY ELEMENTS (KOHA)
Koha item type წიგნი
ეგზემპლარები
Withdrawn status Lost status Damaged status Not for loan Date acquired Barcode Date last seen Price effective from Koha item type
        2018-12-17 32981 2018-12-17 2018-12-17 წიგნი